[Event "FRA-chT"]
[Site "FRA"]
[Date "1998.05.11"]
[Round "11"]
[White "Glavina, Pablo"]
[Black "Anic, Darko"]
[Result "0-1"]
[WhiteElo "2425"]
[BlackElo "2455"]
[PlyCount "122"]
[EventDate "1998.02.06"]
[Source "ChesBase"]
[SourceDate "1998.07.07"]

1. d4 c6 2. e4 d5 3. exd5 cxd5 4. c4 Nf6 5. Nc3 Nc6 6. Nf3 e6 7. c5 Be7 8. Bb5
O-O 9. Bxc6 bxc6 10. O-O Ne4 11. Qa4 Nxc3 12. bxc3 Bb7 13. Re1 Qc8 14. Bf4 Ba6
15. Qb4 f6 16. Re3 Re8 17. Rae1 Bd8 18. Nd2 Kf7 19. Qa4 Bb5 20. Qd1 Qd7 21. a4
Ba6 22. Bd6 Kg8 23. Qg4 Bc8 24. Qg3 Qf7 25. f4 Qg6 26. Qf2 Qc2 27. f5 Ba5 28.
Nb1 Qxf2+ 29. Kxf2 e5 30. dxe5 Bxf5 31. Nd2 d4 32. Rf3 Bg6 33. Nb3 Bxc3 34.
Rxc3 dxc3 35. e6 Bc2 36. Nd4 Bxa4 37. Ra1 Bb5 38. Rc1 Bc4 39. e7 Bd5 40. Rxc3
a5 41. Ra3 a4 42. g4 Kf7 43. Ke3 Rxe7+ 44. Bxe7 Kxe7 45. Nf5+ Kf7 46. Kd4 g6
47. Nd6+ Ke6 48. h4 Bb3 49. Ra1 a3 50. Re1+ Kd7 51. Ne4 Rf8 52. g5 fxg5 53.
hxg5 Rf4 54. Kc3 Be6 55. Nf6+ Ke7 56. Rh1 Rc4+ 57. Kd3 Rxc5 58. Rxh7+ Bf7 59.
Ng8+ Kf8 60. Nf6 Rxg5 61. Rh1 Kg7 0-1

[Event "FRA-chT"]
[Site "FRA"]
[Date "1998.05.11"]
[Round "11"]
[White "Goldgewicht, Lionel"]
[Black "Gueneau, Christophe"]
[Result "1-0"]
[WhiteElo "2365"]
[BlackElo "2175"]
[PlyCount "79"]
[EventDate "1998.02.06"]
[Source "ChesBase"]
[SourceDate "1998.07.07"]

1. e4 e5 2. Nf3 Nf6 3. Nxe5 d6 4. Nf3 Nxe4 5. d4 d5 6. Bd3 Bd6 7. O-O O-O 8. c4
Be6 9. cxd5 Bxd5 10. Nc3 Nxc3 11. bxc3 Nd7 12. Ng5 Nf6 13. c4 Bc6 14. Bb2 h6
15. Nf3 Be4 16. d5 Re8 17. Re1 Bxd3 18. Qxd3 Rxe1+ 19. Rxe1 Qd7 20. Bxf6 gxf6
21. Qe3 Kg7 22. Nh4 Qg4 23. g3 b6 24. Qd3 Bc5 25. Nf5+ Kf8 26. Nxh6 Qg6 27. Nf5
Re8 28. Rxe8+ Kxe8 29. Qe4+ Kd8 30. h4 a5 31. a4 Kd7 32. Kg2 Qg8 33. Nh6 Qg6
34. Nf5 Qg8 35. Kh3 Qg6 36. Qg4 Bb4 37. h5 Qxg4+ 38. Kxg4 Ke8 39. h6 Bf8 40. h7
1-0

[Event "FRA-chT"]
[Site "FRA"]
[Date "1998.05.11"]
[Round "11"]
[White "Hagege, Gerard"]
[Black "Flouzat, Jean Marc"]
[Result "1-0"]
[WhiteElo "2205"]
[BlackElo "2225"]
[PlyCount "199"]
[EventDate "1998.02.06"]
[Source "ChesBase"]
[SourceDate "1998.07.07"]

1. e4 c6 2. d4 d5 3. exd5 cxd5 4. Bd3 Nc6 5. Nf3 Bg4 6. c3 e6 7. h3 Bh5 8. O-O
Nf6 9. Re1 Be7 10. Nbd2 O-O 11. Nf1 Qc7 12. Ng3 Bg6 13. Ne5 Nxe5 14. dxe5 Nd7
15. Bf4 Nc5 16. Bxg6 hxg6 17. Be3 b5 18. Bd4 Na4 19. Qd2 Rfc8 20. Rac1 Rab8 21.
b3 Nb6 22. Qf4 Qd8 23. Rcd1 a5 24. Re2 a4 25. Rd3 axb3 26. axb3 Nd7 27. Rf3 Qe8
28. b4 Nf8 29. Nf1 g5 30. Qg4 Ng6 31. g3 Ra8 32. Rfe3 Ra1 33. Re1 Rca8 34. Nd2
R8a3 35. Kg2 Qa8 36. Nf3 Rxe1 37. Rxe1 Qd8 38. Rh1 Ra2 39. h4 gxh4 40. gxh4 Re2
41. Be3 Qc7 42. Ra1 Rxe3 43. Ra8+ Nf8 44. fxe3 Qxc3 45. Ra7 Qxb4 46. Qxb4 Bxb4
47. Rb7 Bc3 48. h5 b4 49. Kg3 f6 50. exf6 Bxf6 51. Rxb4 Kf7 52. Rb7+ Ke8 53.
Kf2 e5 54. Nh2 Ne6 55. Ng4 Bh4+ 56. Ke2 Bg5 57. Nxe5 d4 58. exd4 Nxd4+ 59. Kf2
Ne6 60. Ng6 Bf6 61. Kg3 Nc5 62. Ra7 Ne6 63. Kg4 Kd8 64. Nf4 Nd4 65. Nd5 Be5 66.
Kg5 Nb5 67. Ra8+ Kd7 68. Kg6 Ke6 69. Ne3 Nc7 70. Rb8 Nd5 71. Re8+ Ne7+ 72. Kh7
Kf7 73. Ra8 Bd4 74. Ng4 Nf5 75. Rc8 Ng3 76. Rc7+ Ke6 77. Kg6 Kd5 78. Re7 Ba1
79. Ne3+ Kd6 80. Rb7 Ke6 81. Rb6+ Ke5 82. Rb5+ Kf4 83. Nf5 Nxf5 84. Rxf5+ Kg4
85. Ra5 Bb2 86. Ra4+ Kg3 87. Kf5 Kh3 88. Rb4 Ba1 89. Rb1 Bd4 90. Kf4 Bf6 91.
Rg1 Bb2 92. Rh1+ Kg2 93. Rb1 Bc3 94. Kg4 Bd4 95. Rc1 Be5 96. Rc2+ Kg1 97. Kg5
Kf1 98. Kg6 Ke1 99. Rc8 Kf2 100. Rg8 1-0

[Event "FRA-chT"]
[Site "FRA"]
[Date "1998.05.11"]
[Round "11"]
[White "Hamdouchi, Hichem"]
[Black "Herb, Pascal"]
[Result "1-0"]
[WhiteElo "2535"]
[BlackElo "2345"]
[PlyCount "85"]
[EventDate "1998.02.06"]
[Source "ChesBase"]
[SourceDate "1998.07.07"]

1. e4 e5 2. Nf3 Nc6 3. Nc3 Nf6 4. Bb5 d6 5. d4 exd4 6. Qxd4 Be7 7. e5 dxe5 8.
Qxd8+ Bxd8 9. Nxe5 Bd7 10. Nxd7 Nxd7 11. Bf4 O-O 12. O-O-O Nc5 13. Be3 Ne6 14.
f4 Re8 15. f5 Bg5 16. Bxg5 Nxg5 17. Rd7 Re5 18. Bd3 h5 19. Rxc7 Nb4 20. h4
Nxd3+ 21. cxd3 Nh7 22. Rf1 Rd8 23. Rxb7 a5 24. Rf4 Nf6 25. Kd2 Ng4 26. Rb5 Re3
27. Rd5 Rxd5 28. Nxd5 Rg3 29. Ra4 Rxg2+ 30. Kc3 Nf2 31. Ne3 Rh2 32. Rxa5 Rxh4
33. b4 Rh3 34. Kd2 Rh2 35. Nf1 Rg2 36. Ra8+ Kh7 37. b5 Ng4+ 38. Kc3 Rf2 39. b6
Nf6 40. b7 Nd7 41. Ne3 h4 42. Rd8 h3 43. Ng4 1-0

[Event "FRA-chT"]
[Site "FRA"]
[Date "1998.05.11"]
[Round "11"]
[White "Harovelo, Ingmar"]
[Black "Relange, Eloi"]
[Result "0-1"]
[WhiteElo "2285"]
[BlackElo "2490"]
[PlyCount "74"]
[EventDate "1998.02.06"]
[Source "ChesBase"]
[SourceDate "1998.07.07"]

1. d4 Nf6 2. c4 g6 3. Nc3 Bg7 4. g3 O-O 5. Bg2 d6 6. Nf3 Nbd7 7. O-O e5 8. e4
a6 9. Re1 Rb8 10. b3 exd4 11. Nxd4 c5 12. Nc2 b5 13. cxb5 axb5 14. Bb2 b4 15.
Nd5 Re8 16. Rb1 Bb7 17. Nxf6+ Nxf6 18. e5 dxe5 19. Bxe5 Bxg2 20. Bxb8 Be4 21.
Bf4 Qa8 22. Rc1 Rd8 23. Qe2 Bf3 24. Qc4 Ne4 25. Re3 Bh1 26. Ne1 Bd4 27. Re2 Nc3
28. Re7 Bd5 29. Qd3 Bf6 30. Re3 Qxa2 31. h4 Be6 32. Qf1 Qxb3 33. Nf3 Qb2 34.
Be5 Bxe5 35. Nxe5 Qd2 36. Nd3 Rxd3 37. Rxd3 Qxc1 0-1

[Event "FRA-chT"]
[Site "FRA"]
[Date "1998.05.11"]
[Round "11"]
[White "Hebden, Mark"]
[Black "Gouret, Thierry"]
[Result "1-0"]
[WhiteElo "2585"]
[BlackElo "2275"]
[PlyCount "80"]
[EventDate "1998.02.06"]
[Source "ChesBase"]
[SourceDate "1998.07.07"]

1. d4 e6 2. Nf3 f5 3. Bg5 Nf6 4. Nbd2 d5 5. e3 h6 6. Bh4 Bd6 7. Ne5 O-O 8. f4
c5 9. c3 Qb6 10. Rb1 Bd7 11. h3 Bb5 12. Ng6 Rf7 13. g4 Nc6 14. g5 hxg5 15. fxg5
Nh7 16. Qh5 Ne7 17. Nxe7+ Rxe7 18. Rg1 cxd4 19. exd4 e5 20. g6 Nf6 21. Bxf6
gxf6 22. g7 exd4+ 23. Ne4 Rxe4+ 24. Kd1 Ree8 25. Qh8+ Kf7 26. g8=Q+ Rxg8 27.
Qh7+ Ke6 28. Rxg8 Rxg8 29. Qxg8+ Kd7 30. Qf7+ Kc8 31. Rc1 Bxf1 32. cxd4+ Kd8
33. Qxf6+ Kd7 34. Qxf5+ Ke7 35. Qxf1 Qxb2 36. Qe2+ Qxe2+ 37. Kxe2 b5 38. h4 a5
39. h5 b4 40. h6 Kf7 1-0

[Event "FRA-chT"]
[Site "FRA"]
[Date "1998.05.11"]
[Round "11"]
[White "Kappler, Jean Marie"]
[Black "Montheard, Xavier"]
[Result "0-1"]
[WhiteElo "2255"]
[BlackElo "2220"]
[PlyCount "82"]
[EventDate "1998.02.06"]
[Source "ChesBase"]
[SourceDate "1998.07.07"]

1. e4 c5 2. Nc3 Nc6 3. g3 g6 4. Bg2 Bg7 5. d3 Rb8 6. Be3 b5 7. Qd2 Qa5 8. Nf3
Nd4 9. O-O d6 10. a3 Bg4 11. Ne1 Ne2+ 12. Nxe2 Qxd2 13. Bxd2 Bxe2 14. Rb1 Bxf1
15. Kxf1 Nf6 16. Bf3 Nd7 17. Ng2 O-O 18. Nf4 e6 19. Ke2 Ne5 20. Bg2 Nc6 21. Kd1
a5 22. Ne2 a4 23. Bc3 e5 24. Bd2 b4 25. Ra1 bxa3 26. bxa3 Nd4 27. Nc3 Ra8 28.
Be3 Rfb8 29. h4 Rb2 30. Rc1 Ra7 31. g4 f5 32. exf5 gxf5 33. Bd5+ Kf8 34. g5 Rc7
35. Bc4 Nf3 36. Nb5 Rd7 37. h5 f4 38. Bd5 fxe3 39. Bxf3 Rxb5 40. Bc6 exf2 41.
Ke2 Rdb7 0-1

[Event "FRA-chT"]
[Site "FRA"]
[Date "1998.05.11"]
[Round "11"]
[White "Koch, Jean Rene"]
[Black "Roos, Jean Luc"]
[Result "1-0"]
[WhiteElo "2490"]
[BlackElo "2315"]
[PlyCount "77"]
[EventDate "1998.02.06"]
[Source "ChesBase"]
[SourceDate "1998.07.07"]

1. e4 e6 2. d4 d5 3. Nc3 Bb4 4. e5 c5 5. a3 Bxc3+ 6. bxc3 Qa5 7. Bd2 Ne7 8. Qg4
cxd4 9. cxd4 Qa4 10. Bd3 h5 11. Qf4 b6 12. Nf3 Nbc6 13. O-O Ba6 14. Ng5 Nd8 15.
Bb4 Bxd3 16. cxd3 Ng6 17. Qe3 a5 18. Bd6 Nh4 19. Qc1 Qd7 20. Qb2 f6 21. Rfc1
Ra7 22. Nh3 Rb7 23. a4 Nf5 24. Ba3 Nc6 25. Nf4 Nfxd4 26. exf6 gxf6 27. Rxc6
Qxc6 28. Qxd4 e5 29. Qxd5 Qxd5 30. Nxd5 Kf7 31. Rb1 Rd8 32. Nc3 Rxd3 33. Nb5
Rbd7 34. Re1 Rd1 35. Kf1 R7d2 36. Bc1 Rxe1+ 37. Kxe1 Rc2 38. Bd2 Rc4 39. Nd6+
1-0

[Event "FRA-chT"]
[Site "FRA"]
[Date "1998.05.11"]
[Round "11"]
[White "Komarov, Dimitri"]
[Black "Chabanon, Jean Luc"]
[Result "1/2-1/2"]
[WhiteElo "2580"]
[BlackElo "2465"]
[PlyCount "73"]
[EventDate "1998.02.06"]
[Source "ChesBase"]
[SourceDate "1998.07.07"]

1. d4 Nf6 2. Nf3 g6 3. c4 Bg7 4. Nc3 O-O 5. e4 d6 6. Be2 Bg4 7. Be3 Nfd7 8. Ng1
Bxe2 9. Ngxe2 c5 10. O-O cxd4 11. Nxd4 Nc6 12. b3 Qa5 13. Rc1 Nc5 14. f3 a6 15.
Rc2 Ne6 16. Nde2 Nb4 17. Rd2 b5 18. Nd5 bxc4 19. Nxe7+ Kh8 20. bxc4 Nxa2 21.
Nc6 Qc7 22. Rxd6 a5 23. c5 Nb4 24. Qa4 Nxc6 25. Rxc6 Qd7 26. Rd1 Qe8 27. Ra1
Qxc6 28. Qxc6 Bxa1 29. Qa4 Bg7 30. Nf4 Nxf4 31. Bxf4 Rfd8 32. c6 Kg8 33. c7 Re8
34. Kf2 Be5 35. Ke3 Bxf4+ 36. Kxf4 Rec8 37. Qd7 1/2-1/2

[Event "FRA-chT"]
[Site "FRA"]
[Date "1998.05.11"]
[Round "11"]
[White "Kosten, Anthony C"]
[Black "Legky, Nikolay A"]
[Result "1-0"]
[WhiteElo "2535"]
[BlackElo "2480"]
[Annotator "Tsesarsky"]
[PlyCount "89"]
[EventDate "1998.02.06"]
[Source "ChesBase"]
[SourceDate "1998.07.07"]

1. c4 e6 2. d4 d5 3. Nc3 Nf6 4. cxd5 exd5 5. Bg5 c6 6. e3 Be7 7. Bd3 Nbd7 8.
Nge2 Nh5 9. Bxe7 Qxe7 10. g4 (10. Qd2 g6 11. O-O O-O 12. f3 Nb6 13. Rae1 Be6
14. e4 dxe4 15. fxe4 Rad8 16. h3 $13 {Gutman,L-Andersson,U/Wijk/1987/}) 10...
Nhf6 11. Ng3 (11. h3 Nb6 12. b3 Bd7 13. Qd2 g6 14. f3 14... h5 $6 15. g5 Ng8
16. h4 Qd6 17. e4 $14 {Gutman,L-Blauert/Bad Woerishofen/1990/  /  /}) 11... g6
(11... h6 12. h3 Nb6 13. Qd2 Bd7 14. b3 g6 15. a4 a5 16. f3 $14 {
Kasparov,G-Spassky,B/Barcelona WCup/1989/   CBM 12}) 12. Qe2 (12. h4 $5 12...
Nb6 13. g5 Ng8 (13... Ng4 14. Qd2 (14. Be2 h5 15. gxh6 Nxh6 16. h5 Nf5 17. Nxf5
(17. hxg6 Rxh1+ 18. Nxh1 fxg6 19. Qc2 Be6 20. O-O-O 20... O-O-O $132) 17...
Bxf5 $132) 14... O-O 15. O-O-O $14) 14. Kd2 $5 $14 {
1-0 Milov,V-Andersson,U/FIDE-Wch k.o. 1997 (46)} (14. Qf3 Be6 15. O-O-O O-O-O
16. Rdg1 h6 17. Qf4 $14)) (12. g5 Ng8 13. h4 h6 14. gxh6 Rxh6 (14... Ndf6 15.
h5 Bg4 16. Be2 $5 (16. Qa4 $1 16... Bxh5 (16... Nxh5 17. Nxh5 Bxh5 18. Nxd5 $14
) 17. Nxh5 Nxh5 (17... gxh5 18. h7 Nh6 19. Qc2 $16) 18. Nxd5 $14) 16... Bxe2 (
16... Bxh5 17. Nxh5 Nxh5 18. Bxh5 gxh5 19. Rxh5 19... Rxh6 $14) 17. Qxe2 17...
Nxh5 $6 (17... Rxh6 $5 18. Qf3 (18. hxg6 Rxh1+ 19. Nxh1 fxg6 20. Rc1 $14) 18...
O-O-O $132) 18. Nxh5 gxh5 19. Rxh5 Rxh6 20. O-O-O $14 {
1-0 Yakovich,Y-Panchenko,A/URS-ch58 Moscow 1991 (54)}) 15. h5 Nf8 16. Qa4 Nf6
17. hxg6 Rxh1+ 18. Nxh1 Nxg6 19. O-O-O Be6 20. Ng3 $14 {
-  Yakovich,Y-Grosar,A/Sochi-B 1989 (49)}) (12. h3 Nb6 13. Qb3 (13. Qd2 $5) (
13. Qe2 Bd7 14. O-O-O O-O-O 15. Kb1 $14 {
-  Shumiakina,T-Khurtsidze,N/Kishinev ztW 1995 (61)}) (13. Qc2 Be6 14. O-O-O
O-O-O 15. Kb1 Kb8 16. Rc1 $14 {
1-0 Gausel,E-Lauvsnes,A/Gausdal International 1990 (34)}) 13... Be6 (13... Bd7
14. O-O-O $14 (14. a4 $5 14... Be6 15. a5 Nc8 16. a6 Rb8 17. axb7 Rxb7 18. Qa4
18... O-O $14)) 14. g5 Ne4 15. Bxe4 dxe4 16. Qa3 Qxg5 17. Ncxe4 $14) 12... Nb6
13. g5 Ng8 14. h4 14... h5 $6 (14... h6 15. gxh6 Nxh6 16. h5 (16. O-O-O Be6 17.
Kb1 (17. h5 g5 18. Qc2 (18. Rhg1 18... O-O-O $132) 18... O-O-O 19. Kb1 19...
Kb8 $132) 17... O-O-O 18. Rc1 Kb8 19. h5 g5 20. Qc2 Bg4 21. Rcf1 Bf3 22. Rhg1
22... Qf6 $132 { -  Moiseenko,A-Dobrovolsky,L/Ceske Budejovice op 1995 (59)})
16... g5 17. O-O-O $14 {0-1 Galliamova Ivanchuk,A-Vladimirov,E/Oviedo 1993 (41)
}) 15. O-O-O $16 (15. gxh6 $5 $14) 15... Bd7 16. e4 (16. f3 O-O-O 17. Qf2 (17.
e4 $6 17... dxe4 18. fxe4 $4 18... Bg4 $19) 17... f5 18. Kb1 $14) 16... O-O-O (
16... dxe4 17. Ngxe4 O-O-O 18. Rhe1 Bg4 19. f3 Bf5 20. Nc5 Qxe2 21. Bxf5+ gxf5
22. Rxe2 $16) 17. Rhe1 (17. exd5 Qxe2 18. Ngxe2 cxd5 19. Rd2 Ne7 20. Re1 Nf5
21. Bxf5 Bxf5 22. Nf4 Rd7 23. Rde2 Rhd8 24. b3 $16) 17... Qd6 $5 (17... dxe4
18. Ngxe4 $16) 18. exd5 (18. e5 $2 18... Qb4 $132) 18... cxd5 $2 $18 (18...
Qf4+ 19. Qe3 Qxe3+ 20. Rxe3 (20. fxe3 Nxd5 21. Nxd5 cxd5 22. Kd2 Ne7 23. Rc1+
Kb8 24. Rf1 Be6 25. b4 $14) 20... cxd5 21. Rde1 $16) (18... Nxd5 $1 19. Nxd5 (
19. Qe5 Qxe5 20. Rxe5 Bg4 21. Rd2 Nf4 22. Bc4 22... f6 $15) 19... Qxd5 20. Qe5
Qxe5 21. Rxe5 (21. dxe5 21... Be6 $11) 21... Bg4 22. Rd2 Kc7 (22... Rxd4 23.
Bf5+ $18) 23. Bc4 f6 24. gxf6 Nxf6 25. Bf7 Nd7 26. Rg5 Nf8 27. Bxg6 Nxg6 28.
Rxg6 $16 {( )}) 19. Qe5 $1 19... Qxe5 $8 20. Rxe5 Be6 (20... Bc6 21. Rde1 Kd7
22. f4 $18) (20... Kb8 21. Rde1 Rc8 22. f4 Na4 23. Kc2 $18) 21. Bxg6 $1 21...
Nd7 (21... Bg4 22. Bf5+ (22. Bxf7 Bxd1 23. Kxd1 Nd7 24. Re2 $18) 22... Bxf5 23.
Rxf5 $18) (21... fxg6 22. Rxe6 Rf8 23. Rd2 Kd7 24. Rxg6 $18) 22. Re3 Bg4 (22...
fxg6 23. Rxe6 $18) 23. Bxf7 Bxd1 24. Kxd1 Rf8 (24... Nb6 25. Re2 $18) 25. Nxd5
$1 25... Kd8 (25... Rxf7 26. Re8#) 26. g6 (26. Bxh5 Nb6 27. Nxb6 axb6 28. g6
$18) 26... Nh6 27. g7 Nxf7 28. gxf8=Q+ Nxf8 29. Nf4 Nh6 30. Ke2 Ng4 31. Rb3 b6
32. Rb5 (32. Ngxh5 $18) 32... Nf6 33. Rf5 N8d7 34. Nfxh5 Re8+ 35. Kf3 Ng8 36.
Ne4 Ne7 37. Rf7 Rh8 38. Nf4 38... Rh5 $2 (38... Rxh4 39. Ne6+ Ke8 (39... Kc8
40. Nd6+ Kb8 41. Rxe7 $18) 40. Nd6#) 39. Ng3 $2 (39. Nxh5) 39... Nc6 $2 40. Ke3
$2 40... Rxh4 41. Nf5 Rh1 42. Ne6+ Kc8 43. Nd6+ Kb8 44. Rxd7 Re1+ 45. Kd2 1-0

[Event "FRA-chT"]
[Site "FRA"]
[Date "1998.05.11"]
[Round "11"]
[White "Lecuyer, Christian"]
[Black "Toulzac, Pierre Yves"]
[Result "1/2-1/2"]
[WhiteElo "2265"]
[BlackElo "2265"]
[PlyCount "92"]
[EventDate "1998.02.06"]
[Source "ChesBase"]
[SourceDate "1998.07.07"]

1. Nf3 f5 2. c4 Nf6 3. g3 g6 4. Bg2 Bg7 5. O-O O-O 6. Nc3 d6 7. d4 Qe8 8. d5
Na6 9. Be3 c6 10. Qd2 Ng4 11. Bd4 Bh6 12. Be3 Nxe3 13. fxe3 c5 14. Rad1 Bd7 15.
Kh1 b5 16. cxb5 Bxb5 17. Ne1 Rb8 18. Nd3 Bxd3 19. exd3 Qd8 20. Ne2 Qb6 21. b3
Qb4 22. Nf4 Nc7 23. d4 Qxd2 24. Rxd2 cxd4 25. Rxd4 Rfc8 26. Rc4 Ne8 27. Rfc1
Rxc4 28. Rxc4 Bxf4 29. exf4 Kf7 30. Kg1 Rb5 31. Kf2 Nf6 32. Ke2 a5 33. Rd4 Nd7
34. Ke3 Nb6 35. Kd2 Rc5 36. Bf1 Ke8 37. Bc4 a4 38. Kc3 axb3 39. axb3 Ra5 40.
Rd2 Ra1 41. Bb5+ Kd8 42. Bc6 Ra5 43. b4 Ra3+ 44. Kd4 Rb3 45. b5 Ra3 46. Rc2 Na4
1/2-1/2

[Event "FRA-chT"]
[Site "FRA"]
[Date "1998.05.11"]
[Round "11"]
[White "Maier, Christian"]
[Black "Lamoureux, Charles"]
[Result "1/2-1/2"]
[WhiteElo "2380"]
[BlackElo "2370"]
[PlyCount "115"]
[EventDate "1998.02.06"]
[Source "ChesBase"]
[SourceDate "1998.07.07"]

1. e4 e6 2. d4 d5 3. Nc3 Bb4 4. e5 Ne7 5. Nf3 b6 6. Bd2 Bxc3 7. Bxc3 a5 8. g3
Ba6 9. Bh3 Qd7 10. Nh4 Nbc6 11. f4 h5 12. Qf3 Nf5 13. Nxf5 exf5 14. Bg2 Ne7 15.
O-O-O Rd8 16. h3 Qe6 17. Be1 Ng6 18. Bf2 Kf8 19. Rhe1 Kg8 20. Be3 Nf8 21. Qf2
g6 22. Bf3 Kg7 23. Rg1 Qe7 24. Qg2 c6 25. g4 hxg4 26. hxg4 Bc8 27. Rh1 Rxh1 28.
Rxh1 fxg4 29. f5 Bxf5 30. Bxg4 Be4 31. Bf3 Bxf3 32. Qxf3 f5 33. exf6+ Qxf6 34.
Bh6+ Kf7 35. Qg2 Qe6 36. Rf1+ Kg8 37. Qg3 Re8 38. Qc7 Nd7 39. b3 Kh7 40. Bf4
Kg8 41. Kb2 Rf8 42. Rg1 Rf7 43. Qd8+ Rf8 44. Qg5 Kf7 45. Qh4 Nf6 46. Be5 Qf5
47. Bxf6 Qxf6 48. Qh7+ Ke8 49. Re1+ Kd8 50. Qb7 Qxd4+ 51. Kb1 Qb4 52. Rh1 Qc5
53. a4 d4 54. Re1 d3 55. cxd3 Qb4 56. Qb8+ Kd7 57. Qb7+ Kd8 58. Qb8+ 1/2-1/2

[Event "FRA-chT"]
[Site "FRA"]
[Date "1998.05.11"]
[Round "11"]
[White "Marcelin, Cyril"]
[Black "Borne, Niels"]
[Result "0-1"]
[WhiteElo "2375"]
[BlackElo "2305"]
[PlyCount "138"]
[EventDate "1998.02.06"]
[Source "ChesBase"]
[SourceDate "1998.07.07"]

1. e4 c5 2. Nf3 e6 3. c3 Nf6 4. e5 Nd5 5. d4 cxd4 6. cxd4 b6 7. Nc3 Bb7 8. Nxd5
Bxd5 9. Be2 Be7 10. O-O O-O 11. b3 Nc6 12. Bb2 Qc7 13. Nd2 Qb7 14. Nc4 Nb4 15.
Ne3 Bc6 16. Ba3 f5 17. f4 Nd5 18. Nxd5 Bxa3 19. Ne3 Be4 20. Bf3 Rac8 21. Nc4
Bb4 22. a3 Be7 23. a4 Bb4 24. Qe2 Bd5 25. Rac1 Bxf3 26. Qxf3 Qxf3 27. Rxf3 a6
28. Rd1 b5 29. axb5 axb5 30. Nd6 Bxd6 31. exd6 Rc6 32. d5 Rxd6 33. Rfd3 Ra8 34.
dxe6 Rxd3 35. Rxd3 dxe6 36. Rd6 Ra3 37. Rd3 Ra1+ 38. Kf2 Ra2+ 39. Kf3 Rb2 40.
h4 h6 41. g3 g5 42. hxg5 hxg5 43. g4 Kf7 44. gxf5 exf5 45. fxg5 Kg6 46. Kf4
Rf2+ 47. Kg3 Re2 48. Rd5 Re3+ 49. Kf4 Re4+ 50. Kf3 Rb4 51. Rd3 Kxg5 52. Rc3 Rh4
53. Kg2 Rd4 54. Kf3 b4 55. Re3 Rd2 56. Re8 Rd3+ 57. Kf2 Rxb3 58. Rc8 Rc3 59.
Rb8 b3 60. Rb4 f4 61. Rb8 Kg4 62. Rg8+ Kf5 63. Rb8 Ke4 64. Ke2 f3+ 65. Kd2 Rd3+
66. Ke1 Ke3 67. Re8+ Kd4 68. Rb8 Kc3 69. Rc8+ Kb2 0-1

[Event "FRA-chT"]
[Site "FRA"]
[Date "1998.05.11"]
[Round "11"]
[White "Maze, Sebastien"]
[Black "Laurain, Dominique"]
[Result "1-0"]
[WhiteElo "2175"]
[BlackElo "2105"]
[PlyCount "141"]
[EventDate "1998.02.06"]
[Source "ChesBase"]
[SourceDate "1998.07.07"]

1. e4 e6 2. d3 d5 3. Qe2 Be7 4. g3 c5 5. Bg2 Nc6 6. Nf3 Nf6 7. Nbd2 O-O 8. e5
Nd7 9. O-O b5 10. Re1 a5 11. Nf1 Ba6 12. h4 Nd4 13. Nxd4 cxd4 14. Qg4 Qb6 15.
Bh6 g6 16. Bxf8 Bxf8 17. Nh2 Rc8 18. Re2 Bg7 19. Nf3 b4 20. Rae1 a4 21. b3 a3
22. Qxd4 Qxd4 23. Nxd4 Bf8 24. Rd2 Bc5 25. Nf3 d4 26. Ng5 Be7 27. Nh3 Bb5 28.
f4 Bc6 29. Bxc6 Rxc6 30. Nf2 Nb6 31. Nd1 h5 32. Kg2 Nd5 33. Kf3 f5 34. exf6
Nxf6 35. Nf2 Nd5 36. Nd1 Kf7 37. Re4 Bc5 38. Re1 Be7 39. Rde2 Nf6 40. Rg1 Ng4
41. Rgg2 Bf6 42. Nf2 Ne3 43. Rxe3 dxe3 44. Nd1 e5 45. Nxe3 exf4 46. Kxf4 Bd4
47. Ke4 Ba7 48. d4 Rf6 49. Nd5 Re6+ 50. Kd3 Rd6 51. Kc4 Ke6 52. Nc7+ Kf5 53.
Nb5 Rc6+ 54. Kd5 Ra6 55. g4+ Kf4 56. gxh5 gxh5 57. Nxa7 Rxa7 58. Kc4 Kf3 59.
Rg5 Ke4 60. Re5+ Kf4 61. Rxh5 Rc7+ 62. Rc5 Rb7 63. h5 Ke3 64. h6 Kd2 65. Rh5
Rh7 66. d5 Kc1 67. c3 bxc3 68. Kxc3 Kb1 69. Rh2 Ka1 70. d6 Kb1 71. d7 1-0

[Event "FRA-chT"]
[Site "FRA"]
[Date "1998.05.11"]
[Round "11"]
[White "Muller, Anne"]
[Black "Letreguilly, Olivier"]
[Result "1/2-1/2"]
[WhiteElo "2115"]
[BlackElo "2240"]
[PlyCount "97"]
[EventDate "1998.02.06"]
[Source "ChesBase"]
[SourceDate "1998.07.07"]

1. e4 c5 2. Nf3 e6 3. d4 cxd4 4. Nxd4 a6 5. Bd3 Bc5 6. Nb3 Ba7 7. Nc3 Nc6 8.
Qe2 d6 9. Be3 b5 10. a3 Nge7 11. O-O O-O 12. Bxa7 Rxa7 13. Rad1 e5 14. Qe3 Be6
15. Nd5 Nc8 16. c4 bxc4 17. Bxc4 a5 18. Bb5 N6e7 19. Nxe7+ Qxe7 20. a4 f5 21.
f3 Qf7 22. Nd2 Rc7 23. Rc1 f4 24. Qd3 Qe7 25. Bc4 Bxc4 26. Nxc4 Rc5 27. Rfd1
Qc7 28. Rc3 Qa7 29. Kh1 Rd8 30. Qe2 Qc7 31. h3 Nb6 32. Nxb6 Rxc3 33. bxc3 Qxb6
34. Qc4+ Kf8 35. Qe6 Qc7 36. c4 Qd7 37. Qxd7 Rxd7 38. Rd5 Rc7 39. Rxa5 Rxc4 40.
Ra7 Rc1+ 41. Kh2 h5 42. h4 Ra1 43. a5 Kg8 44. a6 Kh7 45. Ra8 Kg6 46. a7 Kh7 47.
Rd8 Rxa7 48. Rxd6 Ra5 49. Rb6 1/2-1/2

[Event "FRA-chT"]
[Site "FRA"]
[Date "1998.05.11"]
[Round "11"]
[White "Pinter, Jozsef"]
[Black "Popovic, Petar"]
[Result "1/2-1/2"]
[WhiteElo "2590"]
[BlackElo "2525"]
[PlyCount "35"]
[EventDate "1998.02.06"]
[Source "ChesBase"]
[SourceDate "1998.07.07"]

1. d4 Nf6 2. c4 g6 3. Nc3 Bg7 4. e4 d6 5. Bd3 O-O 6. Nge2 Nfd7 7. Bc2 a6 8. O-O
c5 9. h3 Nc6 10. Be3 e5 11. dxc5 dxc5 12. Nd5 Nd4 13. b4 b6 14. Rb1 Bb7 15.
Nec3 cxb4 16. Rxb4 a5 17. Rb1 Ba6 18. Bxd4 1/2-1/2

[Event "FRA-chT"]
[Site "FRA"]
[Date "1998.05.11"]
[Round "11"]
[White "Samara, Fred"]
[Black "Delebarre, Xavier"]
[Result "1/2-1/2"]
[WhiteElo "2195"]
[BlackElo "2270"]
[PlyCount "122"]
[EventDate "1998.02.06"]
[Source "ChesBase"]
[SourceDate "1998.07.07"]

1. e4 c5 2. Nf3 g6 3. d4 Bg7 4. c3 cxd4 5. cxd4 d5 6. exd5 Nf6 7. Bb5+ Nbd7 8.
d6 exd6 9. Qe2+ Qe7 10. Qxe7+ Kxe7 11. O-O Rd8 12. Bf4 Nb6 13. Nc3 h6 14. h3
Be6 15. Rfe1 Rac8 16. a3 Kf8 17. Rac1 g5 18. Bh2 a6 19. Bd3 Nc4 20. Na4 b5 21.
Bxc4 Rxc4 22. Nb6 Rxc1 23. Rxc1 g4 24. hxg4 Bxg4 25. Rc6 Ne8 26. Nd5 Bxf3 27.
gxf3 Bxd4 28. b3 Ra8 29. Nc7 Nxc7 30. Bxd6+ Kg8 31. Rxc7 Re8 32. Rc6 Re6 33.
Rc8+ Kh7 34. Bc5 Re1+ 35. Kg2 Rc1 36. b4 a5 37. Rc7 Kg6 38. Rc6+ f6 39. Ra6
Bxc5 40. bxc5 a4 41. c6 Kf7 42. Rb6 Rc5 43. f4 Ke7 44. f5 Rxf5 45. c7 Kd7 46.
Rc6 Kc8 47. Kg3 h5 48. f4 Rd5 49. Kh4 Rd3 50. Rc5 Rxa3 51. Rxb5 Rf3 52. Rb4 a3
53. Ra4 Kxc7 54. Kxh5 Kc6 55. Kg6 Kb5 56. Ra8 Kb4 57. f5 Kb3 58. Kxf6 a2 59.
Ke6 Re3+ 60. Kd6 Rf3 61. Ke6 Kb2 1/2-1/2

[Event "FRA-chT"]
[Site "FRA"]
[Date "1998.05.11"]
[Round "11"]
[White "Sarthou, Gaetan"]
[Black "Riff, Sebastien"]
[Result "1-0"]
[WhiteElo "2305"]
[BlackElo "2235"]
[PlyCount "81"]
[EventDate "1998.02.06"]
[Source "ChesBase"]
[SourceDate "1998.07.07"]

1. e4 c5 2. Nf3 d6 3. d4 cxd4 4. Nxd4 Nf6 5. Nc3 e6 6. Bc4 Be7 7. Qe2 O-O 8.
Bb3 Na6 9. Be3 Nc5 10. f3 a6 11. O-O-O Qc7 12. g4 b5 13. Qg2 b4 14. Nce2 Bb7
15. g5 Nfxe4 16. fxe4 Bxe4 17. Qg4 Bxh1 18. Rxh1 Rfc8 19. Kb1 a5 20. Rf1 a4 21.
Bc4 d5 22. Bf4 Qb7 23. Bd3 b3 24. a3 bxc2+ 25. Bxc2 Ne4 26. Ka1 Ra6 27. Be5 Rb6
28. Qf4 Bxg5 29. Qg4 f5 30. Qg2 Nd2 31. Qxg5 Nxf1 32. Qc1 g6 33. Qxf1 Rxb2 34.
Qc1 Rb6 35. Qd2 Rc4 36. Bd3 Rc8 37. Nc3 Kf7 38. Nb1 Rd8 39. Qg5 Qe7 40. Qxe7+
Kxe7 41. Bc7 1-0

[Event "FRA-chT"]
[Site "FRA"]
[Date "1998.05.11"]
[Round "11"]
[White "Sokolov, Andrei"]
[Black "Prie, Eric"]
[Result "1/2-1/2"]
[WhiteElo "2580"]
[BlackElo "2470"]
[PlyCount "32"]
[EventDate "1998.02.06"]
[Source "ChesBase"]
[SourceDate "1998.07.07"]

1. e4 c5 2. Nf3 Nc6 3. d4 cxd4 4. Nxd4 g6 5. c4 Bg7 6. Be3 Nf6 7. Nc3 O-O 8.
Be2 d6 9. O-O a6 10. Qd2 Nxd4 11. Bxd4 Be6 12. f3 Rc8 13. Nd5 Nxd5 14. exd5
Bxd4+ 15. Qxd4 Bd7 16. b4 e6 1/2-1/2